000 01222cad a22002175a 4500
001 E149814
008 100430s2009 xxk f 000 0 eng d
020 _a9789279126093
035 _a(Sirsi) u149814
041 0 _aeng
110 2 _aEuropean Commission
_92292
245 0 0 _aInnovative technologies for buildings
_bEU-funded research to transform the construction sector
_h[electronic resource]
260 _aLuxembourg
_bOffice for Official Publications of the European Communities
_c2009
505 2 _aA strong foundation for construction in Europe 'Intelligent houses' meet safety and life-style aspirations -- Tunnelling made safer, faster, more economical -- Industrialised concepts promise huge savings -- 'Open Building' strides beyond prefabrication -- Strategy for stone strengthens EU position -- Textiles tailored for innovative buildings -- Outlook
520 _aSummarises current and recently completed EU-funded research projects in the field of construction.
590 _aKA
651 4 _aEurope
690 _aBUILT ENVIRONMENT
856 4 0 _uhttps://ec.europa.eu/research/industrial_technologies/pdf/construction-090622_en.pdf
_zView the report free of charge at http://ec.europa.eu
942 _n0
999 _c110638
_d110638